• 首页
  • 本馆介绍
  • 公告通知
  • 最新文献
  • 馆藏检索
  • 电子资源
  • 读者导购
  • 参考咨询
  • 我的图书馆
  • 登录
  • 详细信息显示
  • 放入我的书架
  • 预约/预借图书
  • 作者相关作品
  • 分类相关作品
  • 丛书相关作品
  • 出版社相关作品

书目信息

  • 表格格式
  • 工作单格式
  • 卡片格式
题名:
线性代数群表示导论
    
 
作者: 曹锡华 , 王建磐 著
分册: 上册  
出版信息: 北京   科学出版社  1987
页数: 385页
开本: 20cm
丛书名: 现代数学基础丛书
单 册:
中图分类: O152.6
科图分类:
主题词: 线性代数群-群表示 , 群表示-线性代数群 , 代数 , 数论 , 组合数学
电子资源:
ISBN:
000 00873nam2 2200325 45
001 0187007964
005 20040629164156.5
010    @dCNY3.50
091    @a13031.3427
100    @a19930909d1987 em y0chiy0121 ea
101 0  @achi
102    @aCN@b110000
105    @ay z 000yy
106    @ar
200 10 @a线性代数群表示导论@Axian xing dai shu qun biao shi dao lun@h上册@f曹锡华,王建磐著
210    @a北京@c科学出版社@d1987
215    @a385页@d20cm
225 2  @a现代数学基础丛书
410  0 @120010@a现代数学基础丛书
606    @a线性代数群-群表示
606    @a群表示-线性代数群
606 0  @a代数
606 0  @a数论
606 0  @a组合数学
690    @aO152.6@v3
701  0 @a曹锡华@Acao xi hua@4著
701  0 @a王建磐@Awang jian pan@4著
801  0 @aCN@b深圳图书馆@c20040514
801  2 @aCN@bNLC@c20040514
905    @dO152.6@e12:1@f1@b201353
    
    线性代数群表示导论.上册/曹锡华,王建磐著.-北京:科学出版社,1987
    385页;20cm.-(现代数学基础丛书)
    
    
    ISBN :CNY3.50
    
●
相关链接 在E读中查询图书 在五车中查询图书 在当当中查询图书 在豆瓣中查询图书


正题名:线性代数群表示导论     索取号:O152.6/12:1         预约/预借

序号 登录号 条形码 馆藏地/架位号 状态 备注
1 0201353   001933509   第三借阅区/ [索取号:O152.6/12:1] 在馆    
2 0201354   000412832   第三借阅区/ [索取号:O152.6/12:1] 在馆    
3 0201355   000412823   第二样本阅览室/ [索取号:O152.6/12:1] 在馆    
唐山师范学院图书馆 欢迎您!
大连网信软件有限公司© 版权所有